| 000 | 004920000a22001810004500 | ||
|---|---|---|---|
| 003 | LK-CoMWRAF | ||
| 005 | 20231002153639.0 | ||
| 008 | 230817t ||||| |||| 00| 0 eng d | ||
| 040 |
_aLK-CoMWRAF _dLK-CoMWRAF _eLK-CoMWRAF |
||
| 041 | _aeng | ||
| 082 |
_a297 _bELI |
||
| 100 | _aElias, Mufti A.H. | ||
| 245 | _aAre the Sahabah a criterion for right and wrong? | ||
| 260 |
_aSri Lanka (Colombo 07) : _bThe Bureau of Islamic publications, |
||
| 300 | _a31p | ||
| 650 | _aIslam | ||
| 942 | _cBK | ||
| 999 |
_c1984 _d1984 |
||